000 00358pab a2200133 454500
008 180718b xxu||||| |||| 00| 0 eng d
100 _aAckelsberg, Martha A
245 _aFeminist analyses of public policy (review article)
650 _a Public Policy
650 _a Politics
650 _aWomen in Politics
773 _aComparative Politics
909 _a22484
999 _c22484
_d22484